000 00374nam a2200181Ia 4500
003 0STCL
008 150530s9999 xx 000 0 und d
040 _aSTCL
_cSTCL
100 _aKrishnaunni, N.D.
245 _aSakshathkaram
250 _a1
260 _c1964
300 _a0
546 _aMalayalam
942 _2ddc
_cBK
999 _c48304
_d48304
005 20220125170740.0